Women of tropical Africa / (Record no. 35174)

MARC details
000 -LEADER
fixed length control field 01334pam a2200361 a 4500
001 - CONTROL NUMBER
control field 5403004
005 - DATE AND TIME OF LATEST TRANSACTION
control field 20090423131547.0
008 - FIXED-LENGTH DATA ELEMENTS--GENERAL INFORMATION
fixed length control field 050704r20041963enkaf b 001 0 eng
015 ## - NATIONAL BIBLIOGRAPHY NUMBER
National bibliography number GBA4-Z9546
020 ## - INTERNATIONAL STANDARD BOOK NUMBER
International Standard Book Number 0415330009 (hard.)
035 ## - SYSTEM CONTROL NUMBER
System control number (OCoLC)OCM53871036
035 ## - SYSTEM CONTROL NUMBER
System control number (NNC)5403004
040 ## - CATALOGING SOURCE
Original cataloging agency UKM
Transcribing agency UKM
Modifying agency OCLCQ
-- BWKUK
-- NNC
041 1# - LANGUAGE CODE
Language code of text/sound track or separate title eng
Language code of original and/or intermediate translations of text fre
043 ## - GEOGRAPHIC AREA CODE
Geographic area code fb-----
050 ## - LIBRARY OF CONGRESS CALL NUMBER
Classification number HQ1787
Item number .W66 1963
830 #0 - SERIES ADDED ENTRY--UNIFORM TITLE
Uniform title Routledge library editions.
245 00 - TITLE STATEMENT
Title Women of tropical Africa /
Statement of responsibility, etc edited by Denise Paulme.
260 ## - PUBLICATION, DISTRIBUTION, ETC. (IMPRINT)
Place of publication, distribution, etc London ;
-- New York :
Name of publisher, distributor, etc Routledge,
Date of publication, distribution, etc [2004].
300 ## - PHYSICAL DESCRIPTION
Extent ix, 308 p., [8] p. of plates :
Other physical details ill. ;
Dimensions 23 cm.
490 1# - SERIES STATEMENT
Series statement Routledge library editions. Anthropology and ethnography
500 ## - GENERAL NOTE
General note This translation originally published: London: Routledge & K. Paul, 1963.
504 ## - BIBLIOGRAPHY, ETC. NOTE
Bibliography, etc Includes bibliographical references (p. 231-293) and indexes.
546 ## - LANGUAGE NOTE
Language note Translated from the French.
650 #0 - SUBJECT ADDED ENTRY--TOPICAL TERM
Topical term or geographic name as entry element Women
Geographic subdivision Africa, Sub-Saharan.
650 #0 - SUBJECT ADDED ENTRY--TOPICAL TERM
Topical term or geographic name as entry element Women, Black
Geographic subdivision Africa, Sub-Saharan.
700 1# - ADDED ENTRY--PERSONAL NAME
Personal name Paulme, Denise.
830 #0 - SERIES ADDED ENTRY--UNIFORM TITLE
Name of part/section of a work Anthropology and ethnography.
942 ## - ADDED ENTRY ELEMENTS (KOHA)
Source of classification or shelving scheme Library of Congress Classification
Item type Book
948 1# - LOCAL PROCESSING INFORMATION (OCLC); SERIES PART DESIGNATOR (RLIN)
Series part designator, SPT (RLIN) 20050926
b (OCLC) c
c (OCLC) dc21
d (OCLC) MPS
948 1# - LOCAL PROCESSING INFORMATION (OCLC); SERIES PART DESIGNATOR (RLIN)
Series part designator, SPT (RLIN) 20050930
b (OCLC) c
c (OCLC) hew2
d (OCLC) MPS
Holdings
Withdrawn status Lost status Source of classification or shelving scheme Damaged status Not for loan Collection code Home library Current library Shelving location Date acquired Total Checkouts Full call number Barcode Date last borrowed Copy number Price effective from Koha item type
    Library of Congress Classification     Non-fiction Bishop Okullu Memorial Library (Limuru Campus) Bishop Okullu Memorial Library (Limuru Campus) General Circulation 10/07/2009 4 HQ1787 .W66 1963 009626 17/01/2017 1 10/07/2009 Book